[Event "34th TCh-GRE"]
[Site "Ermioni Argolidas GRE"]
[Date "2005.07.10"]
[Round "8"]
[White "Gustafsson,J"]
[Black "Azmaiparashvili,Z"]
[Result "0-1"]
[WhiteElo "2614"]
[BlackElo "2672"]

1.d4 d6 2.e4 g6 3.Nc3 Bg7 4.Be3 a6 5.f4 b5 6.Nf3 Nd7 7.Bd3 c5 8.e5 Bb7 9.Be4 Bxe4
10.Nxe4 Nh6 11.c3 O-O 12.O-O Nb6 13.Qe2 cxd4 14.cxd4 Nd5 15.Bd2 Qb6 16.Kh1 Nf5
17.Nc3 Nxc3 18.bxc3 Qc6 19.a4 bxa4 20.Qd1 e6 21.Qxa4 Rfc8 22.Qxc6 Rxc6 23.Ra4 Ne7
24.Rfa1 d5 25.Ne1 Rb6 26.Rb4 Rxb4 27.cxb4 Nc6 28.Nc2 Ra7 29.Kg1 Bf8 30.Kf2 Rb7
31.Rxa6 Nxb4 32.Bxb4 Bxb4 33.Ra2 Be7 34.Ne1 g5 35.fxg5 Bxg5 36.Nf3 Bh6 37.g4 Bf4
38.Re2 Rb3 39.Re1 Kg7 40.Re2 Kg6 41.Re1 Kg7 42.Re2 Kf8 43.Rc2 Ke7 44.Ra2 Rb7
45.Rc2 Kd7 46.Ra2 Rc7 47.Ke2 Rb7 48.Kf2 h6 49.Ke2 Kc7 50.Kf2 Kb8 51.Rc2 Rb3
52.Ra2 Kb7 53.Rc2 Ra3 54.Rb2+ Kc6 55.Rc2+ Kb5 56.Rc7 Ra2+ 57.Kf1 Be3 58.Rxf7 Kc4
59.h4 Rf2+ 60.Ke1 Kd3 61.g5 hxg5 62.hxg5 Rg2 63.Rf6 Bxd4 64.Nxd4 Kxd4 65.Rxe6 Ke3
66.Kf1 Rxg5 67.Ra6 d4 68.e6 d3 69.Ra3 Rf5+ 70.Ke1 Rb5 71.Kf1 Rb1+ 72.Kg2 Rb6
73.Ra1 Ke2  0-1

[Event "ch-SWE"]
[Site "Goeteborg SWE"]
[Date "2005.07.10"]
[Round "8"]
[White "Ong,Kez"]
[Black "Tikkanen,H"]
[Result "0-1"]
[WhiteElo "2371"]
[BlackElo "2316"]

1.e4 g6 2.d4 Bg7 3.Nc3 d6 4.f4 a6 5.Nf3 b5 6.Bd3 Nd7 7.e5 c5 8.Be4 Rb8 9.Ng5 cxd4
10.e6 f5 11.Bc6 dxc3 12.Qd5 cxb2 13.exd7+ Qxd7 14.Bxd7+ Kxd7 15.Bxb2 Bxb2
16.Rd1 Bc3+ 17.Ke2 Nh6 18.Rd3 b4 19.Rh3 Ng4 20.Rd1 Re8 21.Rxh7 Rb6 22.Qe6+ Kd8
23.Qxg6 Nf6 24.Rh3 Bd7 25.Kf1 Rb5 26.Rh8 Rxh8 27.Nf7+ Kc7 28.Nxh8 Ng4 29.Rd3 Bxh8
30.Qh7 Bb2 31.Qxe7 Rb6 32.Rh3 Nf6 33.Rb3 Ba1 34.Rb1 Bc3 35.Rb3 Nd5 36.Qf7 Ne3+
37.Ke2 Nxc2 38.Kd3 Ne1+ 39.Ke2 Nxg2 40.Kf2 Ne1 41.Rxc3+ bxc3 42.Kxe1 d5 43.Qxd5 c2
44.Qe5+ Rd6 45.Qa5+ Kc8 46.Qc3+ Rc6 47.Qh8+ Kc7 48.Qe5+ Kd8 49.Qh8+ Be8 50.Qd4+ Kc8  0-1

[Event "Open"]
[Site "Barbera del Valles ESP"]
[Date "2005.07.11"]
[Round "8"]
[White "Vehi Bach,V"]
[Black "Santos Ramos,C"]
[Result "1-0"]
[WhiteElo "2404"]
[BlackElo "2061"]

1.e4 g6 2.d4 Bg7 3.Nc3 d6 4.Be3 Nc6 5.f3 e5 6.Nge2 f5 7.exf5 Bxf5 8.d5 Nd4
9.Nxd4 exd4 10.Bxd4 Qh4+ 11.Bf2 Qb4 12.Qe2+ Ne7 13.O-O-O O-O-O 14.a3 Qf4+
15.Be3 Qh4 16.g3 Qf6 17.Bxa7 Rhe8 18.Bd4 Bh6+ 19.Kb1 Qf7 20.Qb5 Kb8 21.Qa5 Nc8
22.Bb5 Bd7 23.f4 Bxb5 24.Qxb5 Bg7 25.Bxg7 Qxg7 26.Rhe1 Rxe1 27.Rxe1 Qd4 28.a4 Na7
29.Qe2 Nc8 30.Qe3 Qb4 31.Qe4 Qc5 32.Qd3 Nb6 33.b3 Qf2 34.Re2 Qc5 35.Kb2 Qg1
36.Re7 Qxh2 37.Nb5 Nd7 38.Qe3 Nc5 39.Re8  1-0

[Event "34th TCh-GRE"]
[Site "Ermioni Argolidas GRE"]
[Date "2005.07.11"]
[Round "9"]
[White "Hadzimanolis,A"]
[Black "Zysk,R"]
[Result "0-1"]
[WhiteElo "2317"]
[BlackElo "2455"]

1.e4 g6 2.d4 Bg7 3.Nc3 d6 4.Be3 b6 5.Qd2 Bb7 6.O-O-O Nd7 7.f3 c5 8.Nge2 a6
9.Kb1 Ngf6 10.Bh6 Bxh6 11.Qxh6 Qc7 12.g4 O-O-O 13.h4 b5 14.g5 Nh5 15.Bh3 e6
16.d5 b4 17.Na4 Rde8 18.dxe6 fxe6 19.Bg4 Bc6 20.Bxh5 Bxa4 21.Bg4 Ne5 22.h5 Bc6
23.hxg6 Nxg4 24.fxg4 Bxe4 25.g7 Rhg8 26.Rhf1 Rxg7 27.Rf6 Rg6 28.Qh2 d5 29.Qf2 Rxg5
30.Nf4 Qd6 31.Rf7 Rxg4 32.Nd3 Rg2 33.Qe3 Rf8 34.Rxf8+ Qxf8 35.Qh3 Qf5 36.Qe3 d4
37.Qe1 Bxd3 38.cxd3 Kd7 39.Rd2 Rxd2 40.Qxd2 c4 41.Qxb4 Qxd3+ 42.Kc1 Qf1+
43.Kd2 Qf4+ 44.Kd1 Qf1+ 45.Kd2 Qg2+ 46.Kc1 d3 47.Qa4+ Ke7  0-1

[Event "ch-SWE"]
[Site "Goeteborg SWE"]
[Date "2005.07.11"]
[Round "9"]
[White "Olsson,An"]
[Black "Hillarp Persson,T"]
[Result "0-1"]
[WhiteElo "2416"]
[BlackElo "2511"]

1.e4 g6 2.d4 Bg7 3.Nc3 d6 4.Be3 a6 5.Qd2 Nd7 6.h4 h6 7.f4 b5 8.Nf3 h5 9.O-O-O c6
10.Bd3 Nb6 11.Ne2 Nf6 12.Ng3 d5 13.e5 Ng4 14.Bg1 Nc4 15.Qe1 Nh6 16.b3 Nb6
17.Be3 Bg4 18.Bd2 e6 19.Ba5 Bf8 20.Qf2 Qc7 21.Nf1 Rb8 22.Ne3 c5 23.Nxg4 Nxg4
24.Qg1 c4 25.Be2 Qe7 26.Bc3 Qa3+ 27.Kb1 Na4 28.Ba1 Bb4 29.Nd2 Nc3+  0-1

[Event "LXVIII ch-CRC"]
[Site "San Jose Julio CRC"]
[Date "2005.07.11"]
[Round "10"]
[White "Arias Santana,M"]
[Black "Ugalde,R"]
[Result "1-0"]
[WhiteElo "2238"]
[BlackElo "2174"]

1.e4 d6 2.d4 g6 3.Nc3 Bg7 4.Bg5 Nf6 5.Qd2 c6 6.f4 h6 7.Bh4 b5 8.Bd3 Qb6 9.Nf3 Bg4
10.Ne2 c5 11.c3 Bxf3 12.gxf3 cxd4 13.cxd4 Nbd7 14.O-O O-O 15.Kh1 Rfe8 16.Rg1 Nh7
17.Bf2 Rac8 18.Rg2 a6 19.Be3 Qd8 20.f5 g5 21.f4 f6 22.d5 Nc5 23.Nd4 Nf8 24.Rag1 Qc7
25.Bb1 Nh7 26.Ne6 Nxe6 27.fxe6 Qc4 28.Qd1 Kh8 29.Qh5 Rf8 30.Qg6 Rg8 31.Qf5 Bf8
32.e5 Rg7 33.exd6 exd6 34.Rc2 Qb4 35.Rxc8 Qxb2 36.Qxh7+ Rxh7 37.Rxf8+ Kg7
38.Rf7+ Kg8 39.Bxh7+ Kh8 40.e7 Qxh2+  1-0

[Event "Maccabiah GM"]
[Site "Jerusalem ISR"]
[Date "2005.07.13"]
[Round "3"]
[White "Drori,D"]
[Black "Grunberg,M"]
[Result "0-1"]
[WhiteElo "2242"]
[BlackElo "2418"]

1.e4 g6 2.d4 Bg7 3.Nc3 d6 4.f4 a6 5.Nf3 b5 6.a4 b4 7.Nd5 Bb7 8.c4 c5 9.dxc5 dxc5
10.Qc2 e6 11.Ne3 b3 12.Qb1 Nc6 13.Ra3 Nd4 14.Nxd4 Bxd4 15.Rxb3 Bc6 16.Ra3 Rb8
17.a5 Qc7 18.Nd1 Qe7 19.Bd3 Nf6 20.Nc3 O-O 21.Qc2 Rfd8 22.h4 Ng4 23.Nd1 h5
24.Kf1 Bg7 25.Qe2 e5 26.Nc3 exf4 27.Bc2 Qc7 28.Rh3 Bd4 29.Nd5 Bxd5 30.cxd5 Bxb2
31.Bxb2 Rxb2 32.Rhb3 Ne3+ 33.Rxe3 fxe3  0-1

[Event "27th Open"]
[Site "Oberwart AUT"]
[Date "2005.07.13"]
[Round "5"]
[White "Sachsenhofer,M"]
[Black "Ganaus,H"]
[Result "1-0"]
[WhiteElo "2104"]
[BlackElo "2340"]

1.e4 g6 2.d4 d6 3.Nc3 Bg7 4.f4 a6 5.Nf3 Nd7 6.e5 e6 7.Bd3 Ne7 8.O-O d5 9.Be3 b6
10.Bf2 c5 11.Bh4 Qc7 12.Bxe7 Kxe7 13.f5 gxf5 14.Nh4 Bb7 15.Nxf5+ exf5 16.Rxf5 Raf8
17.Bxa6 cxd4 18.Nb5 Qb8 19.Bxb7 Qxb7 20.Qh5 f6 21.e6 Ne5 22.Nxd4 Kd6 23.Rd1 b5
24.Rf2 Rhg8 25.Nf5+ Kc6 26.e7 Re8 27.Nxg7 Qxe7 28.Nxe8 Rxe8 29.Rxf6+ Kc5
30.Rf5 Qe6 31.Rdf1 Ng6 32.Qh3 b4 33.a3 Qb6 34.axb4+ Qxb4 35.Qxh7 Qd4+ 36.Kh1 Ne7
37.R5f3  1-0

[Event "27th Open"]
[Site "Oberwart AUT"]
[Date "2005.07.13"]
[Round "5"]
[White "Brod,M"]
[Black "Moser,E"]
[Result "1-0"]
[WhiteElo "2252"]
[BlackElo "2354"]

1.e4 g6 2.d4 Bg7 3.Nc3 d6 4.Be3 a6 5.Be2 Nd7 6.f4 e6 7.Bf3 Ne7 8.Nge2 O-O
9.g4 f5 10.gxf5 exf5 11.e5 Nb6 12.b3 c6 13.h4 Be6 14.h5 Nbd5 15.Qd2 b5 16.O-O-O a5
17.hxg6 hxg6 18.Rdg1 Kf7 19.Bf2 Qd7 20.Bh4 Rh8 21.Qe1 Nxc3 22.Qxc3 Nd5 23.Qe1 dxe5
24.dxe5 Bf8 25.Qg3 Ba3+ 26.Kb1 Rag8 27.Rd1 Qa7 28.Bf6 Rxh1 29.Rxh1 Kf8 30.Rd1 Qe3
31.Rd3 Qc5 32.Nd4 Bf7 33.Qh4 Ne3 34.Ka1 Nd5 35.e6  1-0

[Event "2nd S Wales Int"]
[Site "Caerleon WLS"]
[Date "2005.07.14"]
[Round "9"]
[White "Marusenko,P"]
[Black "Helbig,P"]
[Result "1-0"]
[WhiteElo "2344"]
[BlackElo "2184"]

1.e4 g6 2.d4 d6 3.Nc3 Bg7 4.Nf3 a6 5.Be2 b5 6.O-O Nd7 7.Re1 c5 8.d5 Ngf6
9.Bf1 O-O 10.h3 Ne5 11.Nh2 Ned7 12.f4 Nb6 13.Nf3 e6 14.dxe6 Bxe6 15.g4 b4
16.Nb1 Bc4 17.Bg2 Ra7 18.Nbd2 Bb5 19.a3 bxa3 20.Rxa3 Re8 21.e5 dxe5 22.Nxe5 Qd4+
23.Kh1 Qxf4 24.Ndf3 Qg3 25.Nd4 Qxe1+ 26.Qxe1 cxd4 27.Qa5 Nfd5 28.Nd3 Nc4
29.Qxb5 axb5 30.Rxa7 Nb4 31.Bf4 Nxd3 32.cxd3 Nxb2 33.Bd5 Re1+ 34.Kg2 Be5
35.Bh6 Bb8 36.Rxf7  1-0

[Event "57th ch-Montenegro"]
[Site "Cetinje SCG"]
[Date "2005.07.15"]
[Round "8"]
[White "Popadic,Dr"]
[Black "Rmus,A"]
[Result "0-1"]
[WhiteElo "2281"]
[BlackElo "2429"]

1.e4 d6 2.d4 g6 3.Nc3 Bg7 4.Bg5 c6 5.Qd2 b5 6.O-O-O Qa5 7.Kb1 b4 8.Nce2 Nf6
9.f3 Be6 10.Nc1 Nbd7 11.h4 h6 12.Be3 Rb8 13.Nge2 Nb6 14.Nf4 Bc4 15.b3 Bxf1
16.Rhxf1 Qa3 17.Ncd3 Nfd7 18.Qf2 O-O 19.Rfe1 c5 20.dxc5 Nxc5 21.Bc1 Qa5 22.Nxc5 dxc5
23.Nd5 Nxd5 24.Rxd5 Bc3 25.Bd2 Qa3 26.Bc1 Qa5 27.Bd2 Qa3 28.Bc1 Qa6 29.Bd2 c4
30.Bxc3 bxc3 31.Qe3 Rfc8 32.Rd7 cxb3 33.cxb3 Qa3 34.Re2 Rxb3+ 35.axb3 Qxb3+
36.Kc1 Qa3+ 37.Kc2 Qa4+ 38.Kc1 Qxd7 39.Ra2 Qb5 40.Qe2 Qb4 41.Rxa7 c2 42.Ra1 Qd4  0-1

[Event "7th Festival IM"]
[Site "Saint Lo FRA"]
[Date "2005.07.15"]
[Round "8"]
[White "Mullon,J"]
[Black "Shalamberidze,A"]
[Result "1/2-1/2"]
[WhiteElo "2367"]
[BlackElo "2419"]

1.e4 g6 2.d4 Bg7 3.Nc3 d6 4.Nge2 c6 5.g3 Nd7 6.Bg2 Ngf6 7.O-O O-O 8.h3 e5
9.a4 Re8 10.Bg5 b6 11.Qd2 Bb7 12.Rad1 Qc7 13.Bh6 a6 14.Bxg7 Kxg7 15.g4 b5
16.axb5 axb5 17.Ng3 h6 18.dxe5 dxe5 19.g5 hxg5 20.Qxg5 Nh7 21.Qe3 Rad8 22.h4 Ndf8  1/2-1/2

[Event "ACT Open"]
[Site "Amsterdam NED"]
[Date "2005.07.16"]
[Round "1"]
[White "Van Delft,M"]
[Black "Giddins,S"]
[Result "1-0"]
[WhiteElo "2369"]
[BlackElo "2204"]

1.e4 g6 2.d4 Bg7 3.Nc3 d6 4.Be3 a6 5.f4 b5 6.Bd3 Bb7 7.Nf3 Nd7 8.e5 c5 9.Be4 Qc8
10.Qd3 b4 11.Bxb7 Qxb7 12.Qe4 Rb8 13.Qxb7 Rxb7 14.Ne4 cxd4 15.Bxd4 dxe5 16.fxe5 Nf8
17.Nc5 Rb6 18.a3 bxa3 19.Rxa3 Ne6 20.Nxe6 Rxe6 21.Kd2 Nh6 22.Rha1 Nf5 23.c3 O-O
24.Rxa6 Rxa6 25.Rxa6 Nxd4 26.cxd4 Rb8 27.Kc3  1-0

[Event "ACT Open"]
[Site "Amsterdam NED"]
[Date "2005.07.16"]
[Round "1"]
[White "Timofeev,Arty"]
[Black "Buckley,Si"]
[Result "1-0"]
[WhiteElo "2661"]
[BlackElo "2333"]

1.e4 d6 2.d4 g6 3.Nc3 Bg7 4.f4 Nc6 5.Be3 Nf6 6.Nf3 O-O 7.Bc4 Nxe4 8.Nxe4 d5
9.Bd3 dxe4 10.Bxe4 Bf5 11.Bxf5 gxf5 12.c3 Na5 13.Qe2 Qd5 14.b3 h6 15.Rg1 Qc6
16.c4 b5 17.cxb5 Qe6 18.Ne5 Nb7 19.g4 Nd6 20.O-O-O fxg4 21.d5 Qf6 22.Rxg4 Nf5
23.Rdg1 Kh8 24.Bd2 Rg8 25.Bc3 Kh7 26.Qd3 Bh8 27.Bd4 e6 28.Nc6  1-0

[Event "ch-Southern California"]
[Site "Century City USA"]
[Date "2005.07.17"]
[Round "7"]
[White "Khachiyan,M"]
[Black "Sevillano,E"]
[Result "1-0"]
[WhiteElo "2494"]
[BlackElo "2450"]

1.e4 d6 2.d4 g6 3.Nc3 Bg7 4.f4 Nf6 5.Nf3 c5 6.Bb5+ Bd7 7.e5 Ng4 8.e6 fxe6
9.Ng5 Bxb5 10.Nxb5 Qa5+ 11.c3 Qxb5 12.Qxg4 Qc4 13.Nxe6 Bf6 14.Nc7+ Kd8 15.Nxa8 cxd4
16.Qe2 Qxe2+ 17.Kxe2 Nc6 18.cxd4 Nxd4+ 19.Kd3 Kd7 20.Be3 Ne6 21.Raf1 Rxa8
22.f5 gxf5 23.Rxf5 b6 24.b3 Rg8 25.Rg1 Be5 26.g3 Ng7 27.Rf7 h5 28.Rgf1 Ke6
29.Rf8 Rxf8 30.Rxf8 Nf5 31.Ra8 d5 32.Rxa7 d4 33.Bg5 Bd6 34.Rb7 Kd5 35.Rxb6 e5
36.Rb5+ Kc6 37.a4 Bc7 38.Bf4  1-0

[Event "Politiken Cup"]
[Site "Copenhagen DEN"]
[Date "2005.07.17"]
[Round "2"]
[White "Bleis,C"]
[Black "Olesen,P"]
[Result "1-0"]
[WhiteElo "2271"]
[BlackElo "2022"]

1.d4 g6 2.Nc3 Bg7 3.e4 d6 4.Be3 Nf6 5.Qd2 O-O 6.Bh6 e5 7.d5 Bxh6 8.Qxh6 Ng4
9.Qd2 f5 10.exf5 gxf5 11.O-O-O a5 12.Nh3 Na6 13.Be2 Qh4 14.f4 Qh6 15.Rdf1 Bd7
16.Rf3 Nc5 17.Ng5 exf4 18.Qxf4 Qg6 19.Rg3 Kh8 20.Rh3 Nf6 21.Rh6 Qg7 22.Rf1 Kg8
23.Qh4 Rae8 24.Rf3 Nce4 25.Ncxe4 Nxe4 26.Nxh7 Rf7 27.Bd3 Qd4 28.Bxe4 Rxe4
29.Rg6+ Rg7 30.Nf6+ Kf7 31.Rxg7+ Kxg7 32.Nxe4 Qg1+ 33.Kd2 Qxg2+ 34.Ke3 fxe4
35.Rg3+  1-0

[Event "Open"]
[Site "Ghent BEL"]
[Date "2005.07.17"]
[Round "3"]
[White "Van Haastert,E"]
[Black "Kitchlew,A"]
[Result "1-0"]
[WhiteElo "2398"]
[BlackElo "2149"]

1.e4 d6 2.d4 g6 3.Nc3 Bg7 4.Be3 c6 5.Qd2 b5 6.h4 h5 7.f3 a5 8.Nh3 Nd7 9.Ng5 Nb6
10.b3 b4 11.Nd1 Qc7 12.a3 c5 13.axb4 cxb4 14.c3 bxc3 15.Nxc3 Nd7 16.Nb5 Qb6
17.Rc1 Rb8 18.Nc7+ Kf8 19.Nd5 Qxb3 20.Qxa5 Bb7 21.Bc4 Qb2 22.Nf4 Nh6 23.Qc7 Qb4+
24.Bd2 Qa4 25.Nxg6+ fxg6 26.Ne6+ Ke8 27.Nxg7+ Kf8 28.Ne6+ Ke8 29.Bb5 Qxb5
30.Qxb8+ Nxb8 31.Nc7+ Kd7 32.Nxb5 Ba6 33.Nc7 Bb7 34.d5 Nf7 35.Ne6 Na6 36.O-O Nd8
37.Rb1 Ba8 38.Ra1 Bb7 39.Rfb1 Bc8 40.Rb6 Nxe6 41.dxe6+ Kxe6 42.Rbxa6 Bxa6
43.Rxa6 Kf7 44.Ra7 Rd8 45.Bg5 Re8 46.Kf2 Ke6 47.Ke3 Kf7 48.Kd4 Ke6 49.Rb7  1-0

[Event "Politiken Cup"]
[Site "Copenhagen DEN"]
[Date "2005.07.18"]
[Round "4"]
[White "Sigfusson,S"]
[Black "Bogdanov,D"]
[Result "1-0"]
[WhiteElo "2344"]
[BlackElo "2108"]

1.e4 g6 2.d4 Bg7 3.Nc3 d6 4.Be3 c6 5.Qd2 b5 6.Bd3 Nd7 7.f4 Nb6 8.Nf3 Nc4
9.Bxc4 bxc4 10.O-O Nf6 11.Qe2 d5 12.e5 Ng4 13.Bc1 h5 14.Na4 Qa5 15.Nc5 c3
16.Qe1 cxb2 17.Qxa5 bxa1=Q 18.Nb3 Qb1 19.Qc5 O-O 20.Ba3 Qxa2 21.Ra1 Qxa1+
22.Nxa1 Rb8 23.Nb3 Bf5 24.Qc3 Rfe8 25.Nfd2 Bf8 26.Nf1 Rec8 27.h3 Nh6 28.Ne3 h4
29.Nd2 Bd7 30.Nf3 Nf5 31.Nxf5 Bxf5 32.Nxh4 e6 33.Bxf8 Kxf8 34.Qc5+ Kg8 35.Nxf5 gxf5
36.Qxa7 Ra8 37.Qe7 Re8 38.Qg5+ Kf8 39.Qh4  1-0

[Event "Aegean Open"]
[Site "Kirykos GRE"]
[Date "2005.07.18"]
[Round "7"]
[White "Lekic,D"]
[Black "Margaritis,F"]
[Result "1-0"]
[WhiteElo "2355"]
[BlackElo "2190"]

1.d4 g6 2.e4 Bg7 3.Nc3 d6 4.f4 Nd7 5.Nf3 a6 6.a4 e6 7.Be3 b6 8.Bc4 Bb7 9.Bf2 Ngf6
10.Bh4 Qb8 11.e5 Ng4 12.Qe2 O-O 13.Ng5 Nh6 14.Nxe6 fxe6 15.Bxe6+ Kh8 16.Bxd7 Rxf4
17.Bg5 Rxd4 18.e6 Qg8 19.e7 Nf7 20.Be3 Rb4 21.O-O-O Ne5 22.e8=Q Rxe8 23.Bxe8 Qxe8
24.Rd4 Rxd4 25.Bxd4 c5 26.Bxe5 Qxe5 27.Re1 Qxe2 28.Rxe2 Be5 29.g3 Bc6 30.Kd2 Kg7
31.b3 Kf6 32.Ne4+ Kf5 33.Kd3 h6 34.Rf2+ Ke6 35.Rf8 d5 36.Nd2 b5 37.axb5 axb5
38.Nf3 Bd6 39.Rh8 h5 40.b4 c4+ 41.Ke3 Bxb4 42.Nd4+ Kd6 43.Nxc6 Kxc6 44.Rh6 Kc5
45.Rxg6 d4+ 46.Ke2 d3+ 47.cxd3 c3 48.Kd1 Kd4 49.Kc2 Be7 50.Rg7 Bf6 51.Rb7 Kc5
52.Rh7 Kb4  1-0

[Event "MTO Open"]
[Site "Biel SUI"]
[Date "2005.07.20"]
[Round "3"]
[White "Peschlow,P"]
[Black "Cebalo,M"]
[Result "1/2-1/2"]
[WhiteElo "2318"]
[BlackElo "2511"]

1.e4 g6 2.d4 Bg7 3.Nc3 d6 4.f4 a6 5.Nf3 b5 6.Bd3 Bb7 7.Be3 b4 8.Nb1 Nf6 9.Nbd2 Nbd7
10.a3 a5 11.h3 O-O 12.O-O e6 13.g4 c5 14.axb4 axb4 15.c3 c4 16.Rxa8 Qxa8
17.Nxc4 d5 18.exd5 Nxd5 19.Bd2 bxc3 20.bxc3 Ba6 21.Qe2 Bxc4 22.Bxc4 N7b6
23.Bd3 Qa3 24.c4 Nb4 25.Be4 Rc8 26.Rc1 Qa2 27.Kf1 Nc6 28.Be3 Qa5 29.Ne5 Ne7
30.Qd2 Qxd2  1/2-1/2

[Event "Politiken Cup"]
[Site "Copenhagen DEN"]
[Date "2005.07.20"]
[Round "6"]
[White "Struch,T"]
[Black "Andreasen,P"]
[Result "1/2-1/2"]
[WhiteElo "2083"]
[BlackElo "2306"]

1.e4 g6 2.d4 Bg7 3.Nc3 d6 4.Bc4 Nc6 5.Be3 Nf6 6.h3 O-O 7.Nf3 e5 8.dxe5 Nxe5
9.Nxe5 dxe5 10.Qxd8 Rxd8  1/2-1/2

[Event "Politiken Cup"]
[Site "Copenhagen DEN"]
[Date "2005.07.20"]
[Round "6"]
[White "Frisk,H"]
[Black "Aabling Thomsen,J"]
[Result "0-1"]
[WhiteElo "2056"]
[BlackElo "2208"]

1.e4 g6 2.d4 Bg7 3.Nc3 d6 4.Be3 a6 5.Qd2 b5 6.f3 Nd7 7.O-O-O Bb7 8.g4 Rc8
9.Kb1 c5 10.dxc5 Nxc5 11.Bd4 Nf6 12.g5 Nh5 13.Bxg7 Nxg7 14.Nd5 Bxd5 15.exd5 Qc7
16.h4 b4 17.Bh3 Rb8 18.Qd4 O-O 19.Rh2 e5 20.dxe6 Ngxe6 21.Bxe6 Nxe6 22.Qg4 d5
23.Rhd2 Nc5 24.Rxd5 Na4 25.Ne2 Rfc8 26.Rc1 Qe7 27.b3 Qxe2 28.bxa4 b3 29.cxb3 Rxc1+
30.Kxc1 Qxa2 31.Qd4 Rc8+ 32.Kd1 Qb1+ 33.Ke2 Rc2+ 34.Kd3 Qd1+ 35.Ke4 Re2+
36.Kf4 Qc1+ 37.Kg3 Qe1+ 38.Kh3 Qh1+ 39.Kg3 Qg2+ 40.Kf4 Qh2+ 41.Kg4 Rg2+  0-1

[Event "ACT Open"]
[Site "Amsterdam NED"]
[Date "2005.07.21"]
[Round "6"]
[White "De Saegher,C"]
[Black "Schmitz,H NED"]
[Result "0-1"]
[WhiteElo "2187"]
[BlackElo "2306"]

1.d4 g6 2.e4 Bg7 3.Nc3 d6 4.Be3 a6 5.Qd2 Nd7 6.Nf3 b5 7.a4 b4 8.Nd5 c5 9.c3 e6
10.Nf4 bxc3 11.bxc3 cxd4 12.cxd4 Ngf6 13.Bd3 Bb7 14.Ng5 Rb8 15.f3 Qe7 16.Rc1 e5
17.Ne2 h6 18.Nh3 d5 19.Nf2 dxe4 20.fxe4 exd4 21.Bxd4 O-O 22.O-O Rfd8 23.Qe3 Ne5
24.Bb1 Rbc8 25.Ba2 Rxc1 26.Rxc1 Nfg4 27.Bc5 Qd7 28.Nxg4 Nxg4 29.Qb3 Bxe4
30.Rf1 Ne5 31.Nf4 Kh7 32.h3 Qc6 33.Be3 Rd7 34.Qb6 Qxa4 35.Bb1 Rb7 36.Qd4 Qxd4
37.Bxd4 Rxb1 38.Rxb1 Bxb1 39.Bb6 Ba2 40.Kf2 Be6  0-1

[Event "Politiken Cup"]
[Site "Copenhagen DEN"]
[Date "2005.07.21"]
[Round "7"]
[White "Bjornsson,Si"]
[Black "Jorgensen,D"]
[Result "1-0"]
[WhiteElo "2346"]
[BlackElo "2168"]

1.e4 g6 2.d4 Bg7 3.Nc3 d6 4.Be2 c6 5.h4 h5 6.Nf3 Nf6 7.Bf4 Qa5 8.Qd2 b5 9.Ng5 b4
10.Nd1 O-O 11.Ne3 Ba6 12.O-O Bxe2 13.Qxe2 Nbd7 14.b3 Nb6 15.Bg3 Nfd7 16.Rad1 c5
17.e5 e6 18.d5 Nxd5 19.Nxd5 Nxe5 20.Ne7+ Kh8 21.Rxd6 Ng4 22.Rxe6 Bd4 23.Ra6 Qd8
24.Nc6  1-0

[Event "Politiken Cup"]
[Site "Copenhagen DEN"]
[Date "2005.07.22"]
[Round "8"]
[White "Cech,P"]
[Black "Aabling Thomsen,J"]
[Result "1-0"]
[WhiteElo "2416"]
[BlackElo "2208"]

1.d4 g6 2.e4 Bg7 3.Nc3 d6 4.Be3 a6 5.Qd2 Nd7 6.Nf3 b5 7.a4 b4 8.Ne2 c5 9.Ng3 cxd4
10.Bxd4 Ngf6 11.Qxb4 O-O 12.Bd3 Rb8 13.Qd2 e5 14.Bc3 d5 15.O-O Qb6 16.a5 Qc5
17.b4 Qe7 18.b5 Nc5 19.Nxe5 Nfxe4 20.Nc6 Nxd2 21.Nxe7+ Kh8 22.Bxd2 Nxd3 23.cxd3 Bxa1
24.Rxa1 Rxb5 25.Bc3+ f6 26.Nxc8 Rxc8 27.Bxf6+ Kg8 28.Ne2 Rcb8 29.f4 Rb3 30.Be5 Rc8
31.Nd4 Rxd3 32.Rb1 Rd2 33.h3 Re8 34.Nf3 Ra2 35.Rb7 Rc8 36.Ng5 h6 37.Rg7+ Kf8
38.Ne6+ Ke8 39.Bd6  1-0

[Event "Politiken Cup"]
[Site "Copenhagen DEN"]
[Date "2005.07.22"]
[Round "8"]
[White "Hansen,ML"]
[Black "Bogdanov,D"]
[Result "1-0"]
[WhiteElo "2002"]
[BlackElo "2108"]

1.e4 g6 2.d4 Bg7 3.Nc3 d6 4.f4 Nf6 5.Nf3 O-O 6.Bd3 Na6 7.e5 Nd7 8.Ne4 c5
9.c3 cxd4 10.cxd4 Nb4 11.Bb1 Nb6 12.Nfg5 dxe5 13.fxe5 Nc6 14.Be3 Nc4 15.Bf2 Qa5+
16.Kf1 Nxb2 17.Qc1 Nd3 18.Bxd3 Nb4 19.Qd2 Qa3 20.Be2 Bd7 21.Qc3 Qxc3 22.Nxc3 Rac8
23.Nce4 f5 24.Nc5  1-0

[Event "Open A"]
[Site "Pardubice CZE"]
[Date "2005.07.22"]
[Round "1"]
[White "Lubbe,N"]
[Black "Buchal,S"]
[Result "1/2-1/2"]
[WhiteElo "2192"]
[BlackElo "2367"]

1.e4 g6 2.d4 Bg7 3.Nc3 d6 4.Be3 a6 5.Qd2 Nd7 6.f3 b5 7.Nge2 Bb7 8.g4 Nb6
9.Ng3 Nf6 10.Bh6 Bxh6 11.Qxh6 e5 12.dxe5 dxe5 13.a4 b4 14.Nd1 a5 15.Ne3 Ng8
16.Qg7 Qf6 17.Qxf6 Nxf6 18.O-O-O Ke7 19.b3 Rhd8 20.Be2 Nfd7 21.g5 Nc5 22.Rxd8 Rxd8
23.Nc4 Nxc4 24.Bxc4 h6 25.h4 Rh8 26.Kd2 Ne6 27.Bxe6 Kxe6 28.h5 hxg5 29.hxg6 Rd8+
30.Ke3 fxg6 31.Rh6 Kf6 32.Rh7 Bc8 33.Rxc7 g4 34.f4 exf4+ 35.Kxf4 g5+ 36.Ke3 Rf8
37.Kd4 Rd8+ 38.Ke3 Rf8 39.Kd4  1/2-1/2

[Event "Open A"]
[Site "Pardubice CZE"]
[Date "2005.07.23"]
[Round "2"]
[White "Ringel,Z"]
[Black "Bibik,J"]
[Result "1-0"]
[WhiteElo "2218"]
[BlackElo "2384"]

1.e4 g6 2.d4 Bg7 3.Nc3 d6 4.Bg5 Nd7 5.Qd2 a6 6.Nf3 c5 7.O-O-O Qa5 8.Kb1 b5
9.e5 cxd4 10.Nd5 Qxd2 11.Bxd2 Ra7 12.exd6 e5 13.a4 Ngf6 14.Ne7 Bb7 15.axb5 Ne4
16.Nc6 Ra8 17.Re1 Nxd6 18.Bb4 Nxb5 19.Nfxe5 Nxe5 20.Nxe5 Bxe5 21.Rxe5+ Kd8
22.Bc4 Bxg2 23.Rhe1 Ra7 24.Be7+  1-0

[Event "Open A"]
[Site "Pardubice CZE"]
[Date "2005.07.23"]
[Round "2"]
[White "Tuma,J"]
[Black "Zurek,M"]
[Result "1/2-1/2"]
[WhiteElo "2235"]
[BlackElo "2403"]

1.e4 g6 2.d4 Bg7 3.Nc3 d6 4.Be3 a6 5.Qd2 b5 6.f3 e6 7.Nh3 Nd7 8.Nf2 Nb6 9.Be2 Bb7
10.O-O h6 11.a4 b4 12.Ncd1 a5 13.c3 bxc3 14.bxc3 d5 15.Nb2 Ne7  1/2-1/2

[Event "Politiken Cup"]
[Site "Copenhagen DEN"]
[Date "2005.07.24"]
[Round "10"]
[White "Abrahamsson,D"]
[Black "Bogdanov,D"]
[Result "0-1"]
[WhiteElo "1983"]
[BlackElo "2108"]

1.e4 g6 2.d4 Bg7 3.Nc3 d6 4.f4 Nf6 5.Nf3 O-O 6.Bc4 c5 7.d5 Na6 8.O-O Rb8
9.a4 Nb4 10.h3 a6 11.Qe2 e6 12.dxe6 Bxe6 13.Bxe6 fxe6 14.f5 exf5 15.exf5 Qe8
16.Qc4+ Qf7 17.Qh4 gxf5 18.Bf4 Rbd8 19.Ng5 Qc4 20.Rad1 h6 21.Nf3 Nbd5 22.Nxd5 Nxd5
23.b3 Qxf4 24.Rxd5 Qe4 25.Rfd1 Bd4+ 26.R5xd4 cxd4 27.Qh5 Qe8 28.Qxh6 Qe3+
29.Qxe3 dxe3 30.Rd5 Rf6 31.Kf1 Rc8 32.c4 Rc5 33.Rd3 f4 34.Rd4 b5 35.axb5 axb5
36.g3 bxc4 37.bxc4 fxg3 38.Rg4+ Kf8 39.Ke2 Re6 40.Nd4 Re7 41.Nb3 Rg7 42.Rxg7 Kxg7
43.Nxc5 g2 44.Ne6+ Kf6  0-1

[Event "Politiken Cup"]
[Site "Copenhagen DEN"]
[Date "2005.07.24"]
[Round "10"]
[White "Trygstad,K"]
[Black "Aabling Thomsen,J"]
[Result "1-0"]
[WhiteElo "2304"]
[BlackElo "2208"]

1.e4 g6 2.d4 Bg7 3.Nc3 d6 4.Be3 a6 5.f4 b5 6.Bd3 Bb7 7.Nf3 Nd7 8.e5 c5 9.Be4 Bxe4
10.Nxe4 Nh6 11.Qe2 O-O 12.e6 f5 13.Neg5 Nb6 14.dxc5 Bxb2 15.Rd1 Nc4 16.O-O d5
17.Bd4 Bxd4+ 18.Rxd4 Rc8 19.Nf7 Nxf7 20.exf7+ Rxf7 21.Qe6 Kg7 22.Rxd5 Qc7
23.Ng5 Rf6 24.Re1 Re8 25.Qd7 Qxd7 26.Rxd7 h6 27.Ne6+ Kg8 28.Nc7 Ref8 29.Nd5 R6f7
30.c6 Na5 31.Nxe7+ Kg7 32.c7 Nc6 33.Nxc6 Rxd7 34.Re7+  1-0

[Event "Open A"]
[Site "Pardubice CZE"]
[Date "2005.07.24"]
[Round "3"]
[White "Visser,Y"]
[Black "Buchal,S"]
[Result "0-1"]
[WhiteElo "2480"]
[BlackElo "2367"]

1.e4 g6 2.d4 Bg7 3.Nc3 d6 4.Be3 a6 5.Nf3 Nf6 6.Qd2 b5 7.Bh6 O-O 8.Bd3 Nc6
9.Bxg7 Kxg7 10.e5 dxe5 11.dxe5 Ng4 12.Qf4 Ncxe5 13.Nxe5 Qd6 14.Be4 Nxe5 15.O-O Rb8
16.Rad1 Qf6 17.Qg3 e6 18.b3 Rb6 19.f4 Nd7 20.f5 Qe5 21.Rf4 exf5 22.Bxf5 Nf6
23.Bxc8 Rxc8 24.Rdf1 Re8 25.a4 Qc5+ 26.Kh1 Re3 27.R4f3 Rbe6 28.Nd1 Rxf3 29.Qxf3 bxa4
30.bxa4 Qxc2 31.Nc3 Qd2 32.Ne4 Qd5 33.Nxf6 Qxf3 34.gxf3 Rxf6 35.Kg2 c5 36.Rc1 Rc6
37.Kf2 Kf6 38.Ke3 Ke5 39.Rc4 f5 40.Rh4 c4 41.Kd2 h5 42.Kc3 f4  0-1

[Event "Open A"]
[Site "Pardubice CZE"]
[Date "2005.07.25"]
[Round "4"]
[White "Bujak,M"]
[Black "Lorscheid,G"]
[Result "0-1"]
[WhiteElo "2180"]
[BlackElo "2285"]

1.e4 d6 2.d4 g6 3.Nc3 Bg7 4.Be3 a6 5.a4 Nf6 6.Qd2 O-O 7.Bh6 e5 8.d5 c6 9.f3 Nxe4
10.Nxe4 Qh4+ 11.g3 Qxh6 12.Qxh6 Bxh6 13.dxc6 Nxc6 14.Rd1 Be6 15.Nxd6 Nb4
16.Bd3 Nxd3+ 17.Rxd3 Rfd8 18.Ne2 Bf8 19.Ne4 Rxd3 20.cxd3 Rd8 21.Kd2 Bb3 22.N4c3 Bh6+
23.f4 Bc4 24.d4 exd4 25.Ne4 Bf8 26.Nf6+ Kg7  0-1

[Event "Open A"]
[Site "Pardubice CZE"]
[Date "2005.07.26"]
[Round "5"]
[White "Koepke,C"]
[Black "Cerveny,P"]
[Result "0-1"]
[WhiteElo "2226"]
[BlackElo "2146"]

1.e4 d6 2.d4 g6 3.Nc3 Bg7 4.f4 Nf6 5.Nf3 c5 6.Bb5+ Bd7 7.Bxd7+ Nfxd7 8.d5 b5
9.Qe2 b4 10.Nd1 Qb6 11.O-O Qa6 12.Qe1 O-O 13.Nf2 Nb6 14.f5 Qc4 15.fxg6 fxg6
16.Ng5 N8d7 17.Ne6 Qxc2 18.Nxg7 Kxg7 19.b3 Ne5 20.Bg5 Rf7 21.Nh3 Rxf1+ 22.Qxf1 Qxe4
23.Re1 Qd4+ 24.Kh1 Nxd5 25.Rd1 Qe4 26.Re1 Qf5 27.Qb5 Rf8 28.Qb7 Nd3 29.Rg1 Qxg5  0-1